20 Questions Wrong: Religion Quiz Stats

 Plays Quiz Updated Jun 23, 2017

Support Sporcle.
Go Orange.
Score 0/20 Timer 02:00
4 Plays Today
Question Answer Wrong Answers
The Hajj is an annual Islamic pilgrimage to which holy city? Medina
86.7%
Mecca
11.1%
Shinto is an ethnic religion most related to which Asian country? China
82.2%
Japan
12.2%
Which Egyptian deity is known as the god of the Sun? Horus
77.8%
Ra
11.5%
Which gospel is the first book of the New Testament? John
75.9%
Matthew
23.2%
Juno is the queen of the gods in which mythology? Greek
74.6%
Roman
18.4%
How many countries have Judaism as the majority religion? Zero
71.2%
One
15.5%
Judas Iscariot betrayed Jesus for 30 pieces of what metal? Gold
70.8%
Silver
17.4%
Who was the first Pope? John I
70.5%
Peter
21.1%
What religion has the most adherents worldwide? Islam
70.1%
Christianity
29.8%
Which Hindu deity is known as the destroyer? Brahma
67.7%
Shiva
21%
How many books are in the Torah? Seven
65.9%
Five
26.3%
Persephone is the wife of which Greek god? Poseidon
65.7%
Hades
30.5%
According to the Bible, who was the first person to be murdered? Cain
65.6%
Abel
24.9%
Vulcan is the Roman equivalent of which Greek god? Hermes
62.8%
Hephaestus
28.2%
Which Hindu deity is portrayed with an elephant's head? Vishnu
59.6%
Ganesha
27.9%
The kirpan is a sword carried at all times by members of which religion? Jainism
55.9%
Sikhism
26%
What is the tree that connects the nine worlds of Norse mythology? Ragnarök
54.6%
Yggdrasil
31%
Which country is home to the largest Buddhist population? India
53%
China
36.9%
What do Buddhists call the cycle of rebirth? Nirvana
47.7%
Samsara
36.4%
The Egyptian god Osiris is portrayed with the head of what creature? Jackal
19.7%
Human
59.9%

You're not logged in!

Compare scores with friends on all Sporcle quizzes.
OR
Log In
Forgot?

From the Vault

Rhymes with 'Aim'

by RubySue

Did you hear the one about the darts player who switched careers? He found his new job to be aimless.
Remove Ads.
Support Sporcle.
Get the best of Sporcle when you Go Orange. This ad-free experience offers more features, more stats, and more fun while also helping to support Sporcle. Thank you for becoming a member.

Show Comments

Extras

Top Quizzes Today


Score Distribution

Your Account Isn't Verified!

In order to create a playlist on Sporcle, you need to verify the email address you used during registration. Go to your Sporcle Settings to finish the process.

Report this User

Report this user for behavior that violates our Community Guidelines.

Details: